000 00587nam a2200265Ia 4500
005 20260306164213.0
008 008 260114s9999 xx 000 0 eng d
020 _a9780823252817
037 _aEBOOK
040 _aCRL
040 _beng
040 _cCRL
041 _2eng
041 _aeng
084 _qCRL
100 _aFynsk
_91130211
245 0 _aLast Steps
260 _bFordham University Press
260 _c2014
650 _aPhilosophy
856 _uhttps://academic.oup.com/book/29093
942 _cEBOOK
999 _c1713163
_d1713163